Welcome to WEB OPAC of MRSPTU Central Library

The performance and design of alternating current machines (Record no. 1470)

MARC details
000 -LEADER
fixed length control field 00462nam a2200169Ia 4500
008 - FIXED-LENGTH DATA ELEMENTS--GENERAL INFORMATION
fixed length control field 230711s9999||||xx |||||||||||||| ||und||
020 ## - INTERNATIONAL STANDARD BOOK NUMBER
International Standard Book Number 81-239-1027-4
041 ## - LANGUAGE CODE
Language code of text/sound track or separate title ENG
082 ## - DEWEY DECIMAL CLASSIFICATION NUMBER
Classification number 621.31042
Item number SA-P
100 ## - MAIN ENTRY--PERSONAL NAME
Personal name Say,M.G
245 #4 - TITLE STATEMENT
Title The performance and design of alternating current machines
250 ## - EDITION STATEMENT
Edition statement 3rd Ed.
260 ## - PUBLICATION, DISTRIBUTION, ETC.
Date of publication, distribution, etc. 1983
Place of publication, distribution, etc. New Delhi
Name of publisher, distributor, etc. CBS Publishers & Distributors Pvt.Ltd
300 ## - PHYSICAL DESCRIPTION
Extent 664p.
650 ## - SUBJECT ADDED ENTRY--TOPICAL TERM
Topical term or geographic name entry element Electrical Engineering
942 ## - ADDED ENTRY ELEMENTS (KOHA)
Koha item type Book
Holdings
Withdrawn status Lost status Damaged status Not for loan Collection Home library Current library Date acquired Cost, normal purchase price Inventory number Total checkouts Full call number Barcode Date last seen Price effective from Koha item type
          MRSPTU Central Library MRSPTU Central Library   325.00 6542487   621.31042 SA-P 7382 08/17/2023 08/17/2023 Book
          MRSPTU Central Library MRSPTU Central Library         621.31042 SA-P 15175 08/17/2023 08/17/2023 Book
          MRSPTU Central Library MRSPTU Central Library         621.31042 SA-P 15176 08/17/2023 08/17/2023 Book
          MRSPTU Central Library MRSPTU Central Library   325.00 6542487   621.31042 SA-P 32524 08/17/2023 08/17/2023 Book
          MRSPTU Central Library MRSPTU Central Library   325.00 6542487   621.31042 SA-P 32525 08/17/2023 08/17/2023 Book
          MRSPTU Central Library MRSPTU Central Library   325.00 6542487   621.31042 SA-P 32526 08/17/2023 08/17/2023 Book
          MRSPTU Central Library MRSPTU Central Library   325.00 6542487   621.31042 SA-P 32527 08/17/2023 08/17/2023 Book
          MRSPTU Central Library MRSPTU Central Library   325.00 6542487   621.31042 SA-P 32528 08/17/2023 08/17/2023 Book
          MRSPTU Central Library MRSPTU Central Library   325.00 6542487   621.31042 SA-P 32529 08/17/2023 08/17/2023 Book
          MRSPTU Central Library MRSPTU Central Library   325.00 6542487   621.31042 SA-P 32530 08/17/2023 08/17/2023 Book
          MRSPTU Central Library MRSPTU Central Library   325.00 6542487   621.31042 SA-P 32531 08/17/2023 08/17/2023 Book

Website Designed and Developed by MRSPTU Central Library Team

E-mail Id: librarian@mrsptu.ac.in